00845cam a22002651 4500001001300000003000400013005001700017008004100034010001700075035001800092040004900110042001200159050001600171082001000187100003700197245005400234250001200288260006300300300004100363490004300404504006500447650002500512740002500537999001700562sg 46000310 DLC20260227112751.0731030s1946 nyua b 000 0 eng c asg 46000310  a(OCoLC)730053 aU.S. Army Medical LibrarycOHirCdOCoLCdDLC apremarc00aRC602b.R54 a616.81 aRichards, Thomas William,d1907-10aModern clinical psychology,cby T.W. Richards ... a1st ed. aNew York,aLondon,bMcGraw-Hill Book Company, inc.,c1946. axi, 331 p.billus. (diagrs.)c24 cm.0 aMcGraw-Hill publications in psychology aBibliography: p. 309-316. "List of visual aids": p. 317-321. 0aClinical psychology.0 aClinical psychology. c90869d90869